000 00494nam a22001337a 4500
005 20251128135605.0
008 251128b |||||||| |||| 00| 0 eng d
050 _aTA646
_b.T85
100 _aTuma, Jan J
245 _aSchaum's Outline of Theory and Problems of Structural Analysis
_bwith an introduction to transport, flexibility and stiffness matrices and their application
_cJan J. Tuma
260 _aNew York
_bMcGraw-Hill Book Company
_c1969
300 _a292p.
_bill.
_c28cm
942 _2lcc
_cBK
_n0
999 _c8409
_d8409